00455 2200181 4500001002100000005001500021008004100036020002200077035001900099041000700118082000800125090001400133100002600147245002500173260002700198300003400225650001400259INLIS00000000000349220241224112731241224||||||||| | ||| |||| || |  a978-979-1211-56-7 0010-1224003492 aid0 a635 a635 SIN m0 aSinggih sastradiharja00aMenanam Buah Organik bAzka Mulia Mediac2007 aiv, 100 hlm. : ilus, ; 20 cm. 0aPertanian